Ahvenanmaan kuntien vaakunat 2025 (keltainen laatikko) - Statistics

Yleistilastot
  • Tätä visaa on pelattu 114 kertaa
    105 viimeisimmän päivityksen jälkeen
  • Keskiarvotulos 13 / 16
Vastaustilastot
Kuvavisa Vastaus % Oikein
Jomala
95%
Maarianhamina
95%
Geta
93%
Brändö
83%
Föglö
83%
Kumlinge
80%
Sund
80%
Eckerö
78%
Kökar
78%
Lumparland
76%
Sottunga
76%
Hammarland
73%
Lemland
73%
Saltvik
73%
Vårdö
71%
Finström
68%
Ehtoja vastaavia visoja ei löytynyt
Tulosjakauma
Jokaisen tuloksen saaneiden osuus
Persentiili vastausten määrän mukaan
Tuloshistoriasi
Et ole pelannut tätä visaa sen viimeisimmän päivityksen jälkeen